Jean Piaget

Saved in:
Bibliografiske detaljer
Hovedforfatter: KOHLER Richard
Format: Bog
Sprog:engelsk
Udgivet: Bloomsbury Acaqdemic 2014
Tags: Tilføj Tag
Ingen Tags, Vær først til at tagge denne postø!

MARC

LEADER 00000nam a22000007a 4500
008 210727b ||||| |||| 00| 0 eng d
020 |a 9781472518880 
100 |a KOHLER Richard 
245 |a Jean Piaget  |c Richard Kohler  |e Blooomsbury library of educational thought  |g X, 326P. 
260 |b  Bloomsbury Acaqdemic  |c 2014  |h New York  |i 696461  |i 696462  |l LB 775 .K82  |m Piaget, Jean, 1896 - 1980  |m Education ... Philosophy 
500 |a It includes bibliography and index 
942 |a lcc  |c BK  |e ADEYEYE Y. S. 
952 |0 0  |1 0  |2 lcc  |4 0  |6 LB0775 K82  |7 0  |9 2835  |a HOL  |b ED  |c LP  |d 2021-07-27  |l 0  |o LB 775 .K82  |p 2021-66497  |r 2021-07-27 00:00:00  |w 2021-07-27  |y BK 
952 |0 0  |1 0  |2 lcc  |4 0  |6 LB0775 K82  |7 0  |9 2836  |a HOL  |b ED  |c LP  |d 2021-07-27  |l 0  |o LB 775 .K82  |p 2021-66498  |r 2021-07-27 00:00:00  |w 2021-07-27  |y BK 
999 |c 1471  |d 1471